000 01293nam a22003737a 4500
003 CHAP
005 20220817042807.0
008 971013s1969 r 00010 d
010 _a55848
011 _a56820
035 _a60973
040 _cCHAP
082 _a540.2
_bS24Y
100 0 0 _aSchaum, Daniel.
_9102918
245 _aTeoría y problemas de química general
250 _a5 ed.
260 _aPanamá :
_bMcGraw-Hill,
_c1969
300 _a246 p.
_b: ilus.
490 _aSerie de Compendios Schaum
590 _aBATCH-UPD
_b10
_c20130110
_lUCH01
_h0058
590 _aBATCH-UPD
_b10
_c20130110
_lUCH01
_h1510
590 _aBATCH-UPD
_b10
_c20130410
_lUCH01
_h0927
590 _aBATCH-UPD
_b10
_c20130914
_lUCH01
_h1949
590 _aCONVERSION
_b10
_c20130109
_lUCH01
_h1330
650 1 4 _aQuímica.
_993552
830 0 _aSerie de Compendios Schaum
901 _aBK
942 _cLIBRO
949 _a540.2 S24Y
_bBC
_cLIBRO
_d-131131
_eLIBRO
_fc.2
_h13069
_i60973
_si
949 _a540.2 S24Y
_bBC
_cLIBRO
_d33724000822250
_eLIBRO
_h13068
_i60973
_si
949 _a540.2 S24Y
_bBC
_cLIBRO
_d33724000960423
_eLIBRO
_fc.4
_h13071
_i60973
_si
949 _a540.2 S24Y
_bBC
_cLIBRO
_d33724000960480
_eLIBRO
_fc.3
_h13069
_i60973
_si
949 _a540.2 S24Y
_bBC
_cLIBRO
_d33724000972253
_eLIBRO
_fc.5
_h9807
_i60973
_si
999 _c55848
_d55848